| 000 | 00579nam a2200205Ia 4500 | ||
|---|---|---|---|
| 005 | 20250326144123.0 | ||
| 008 | 250326s9999 xx 000 0 und d | ||
| 020 | _a81-89915-29-0 | ||
| 037 | _aTextbook | ||
| 040 |
_aFMSL _beng _cFMSL |
||
| 041 |
_aeng _2eng |
||
| 084 |
_aX512 P7 _qFMSL |
||
| 100 |
_aJain JN _9749074 |
||
| 245 | 0 |
_aModern retail management: Principles and Techniques _cJain Jn; Singh Pp |
|
| 260 |
_aNew Delhi _bNew Delhi, Regal Publication _c2007 |
||
| 300 | _a480p | ||
| 365 | _b1480 | ||
| 942 |
_cTB _hX512 P7 |
||
| 999 |
_c1302435 _d1302435 |
||